Notas para el estudio económico de América Latina y el Caribe, 1986 Guatemala /

Αποθηκεύτηκε σε:
Λεπτομέρειες βιβλιογραφικής εγγραφής
Συλλογικό Έργο: Comisión Económica para América Latina y el Caribe, CEPAL
Μορφή: Κείμενο
Έκδοση: México, D.F.: CEPAL
Ετικέτες: Προσθήκη ετικέτας
Δεν υπάρχουν, Καταχωρήστε ετικέτα πρώτοι!

MARC

LEADER 00000 a a2200000 04500
001 21179
003
040
090 |a 092100  
110 |a Comisión Económica para América Latina y el Caribe  
245 |a Notas para el estudio económico de América Latina y el Caribe, 1986 Guatemala /  |c Comisión Económica para América Latina y el Caribe  
260 |a México, D.F.:   |b CEPAL  
300 |a 48 p.  
710 |a CEPAL  
999 |c 4122  |d 4122